| 000 -CABECERA |
| Longitud fija campo de control |
00631nam a2200193 a 4500 |
| 001 - NÚMERO DE CONTROL |
| Número de control |
4707 |
| 003 - IDENTIFICADOR DEL NÚMERO DE CONTROL |
| Identificador del número de control |
CDMR |
| 005 - FECHA Y HORA DE LA ÚLTIMA TRANSACCIÓN |
| Fecha y hora de la última transacción |
20130419120002.0 |
| 008 - CÓDIGOS DE INFORMACIÓN DE LONGITUD FIJA |
| Códigos de información de longitud fija |
130130s1994||||||||||||||||||||||||||||d |
| 020 ## - NÚMERO INTERNACIONAL NORMALIZADO PARA LIBROS |
| Número Internacional Normalizado para Libros (ISBN) |
9788499000596 |
| 040 ## - FUENTE DE LA CATALOGACIÓN |
| Centro catalogador de origen |
CDMR |
| Lengua de catalogación |
cat |
| Centro transcriptor |
CPC GIRONA |
| 100 1# - PUNTO DE ACCESO PRINCIPAL-NOMBRE DE PERSONA |
| 9 (RLIN) |
3227 |
| Nombre de persona |
Madueño, Pedro |
| 245 10 - MENCIÓN DE TÍTULO |
| Título |
Pedro Madueño |
| Resto del título |
: retrats periodístics : 1977-2012 |
| 260 ## - PUBLICACIÓN, DISTRIBUCIÓN, ETC. (PIE DE IMPRENTA) |
| Lugar de publicación, distribución, etc. |
Barcelona |
| Nombre del editor, distribuidor, etc. |
Fundació "la Caixa" |
| Fecha de publicación, distribución, etc. |
DL 2012 |
| 300 ## - DESCRIPCIÓN FÍSICA |
| Extensión |
72 p. |
| Otras características físicas |
il. |
| 500 ## - NOTA GENERAL |
| Nota general |
Catàleg de l'exposició Pedro Madueño. Retrats periodístics, 1977-2012, organitzada per l'Obra Social "la Caixa" |
| 650 01 - PUNTO DE ACCESO ADICIONAL DE MATERIA - TÉRMINO DE MATERIA |
| 9 (RLIN) |
3145 |
| Término de materia o nombre geográfico como elemento inicial |
Fotografia |
| Subdivisión de materia general |
Exposicions |
| 942 ## - ENTRADA DE ELEMENTOS AGREGADOS (KOHA) |
| Koha [por defecto] tipo de item |
Monografies |
| Fuente de clasificaión o esquema |
|